Vista normal
Vista MARC
Entrada Materia (personas)
Número de registros utilizados en: 1
001 - CONTROL NUMBER
- control field: 83223
003 - CONTROL NUMBER IDENTIFIER
- control field: Co-BoUCM
005 - DATE AND TIME OF LATEST TRANSACTION
- control field: 20170111154733.0
008 - FIXED-LENGTH DATA ELEMENTS
- fixed length control field: 170111|| aca||aabn | a|a d
040 ## - CATALOGING SOURCE
- Original cataloging agency: Co-BoUCM
- Transcribing agency: Co-BoUCM
100 ## - HEADING--PERSONAL NAME
- Personal name: Conil, Pierre
- Dates associated with a name: 1832-
670 ## - SOURCE DATA FOUND
- Source citation: Work cat.: (Co-BoUCM)0: Conil, Pierre 1832-, Encyclopedie populaire, 1880